[Event "IIFL Wealth  4th Mumbai Junior U-13"]
[Site "Mumbai"]
[Date "2019.01.06"]
[Round "8"]
[White "Jain Kashish Manoj"]
[Black "Nikhil Magizhnan"]
[Result "1/2-1/2"]
[WhiteElo "1853"]
[BlackElo "2148"]
[Annotator "NA"]
[PlyCount "168"]
[EventDate "2018.12.30"]
[EventType "swiss"]
[EventCountry "IND"]
[SourceTitle "playchess.com"]
[Source "ChessBase"]
[SourceQuality "1"]
[TimeControl "40/5400+30:1800+30"]

1. Nf3 {[%emt 0:00:00]} Nf6 {[%emt 0:00:55]} 2. g3 {[%emt 0:00:00]} d5 {[%emt 0:00:04]} 3. Bg2 {[%emt 0:00:00]} c5 {[%emt 0:00:06]} 4. O-O {[%emt 0:00:00]} Nc6 {[%emt 0:00:10]} 5. d3 {[%emt 0:00:02]} e5 {[%emt 0:00:19]} 6. e4 d4 {[%emt 0:13:21]} 7. Na3 {[%emt 0:00:54]} Bd6 {[%emt 0:02:24]} 8. Nc4 {[%emt 0:00:34]} Bc7 {[%emt 0:00:09] A08: King's Indian Attack} (8... O-O 9. Nxd6 Qxd6 10. Nh4 Rb8 11. h3 b5 12. f4 c4 13. fxe5 Nxe5 14. Bg5 Ne8 15. Nf5 Bxf5 16. exf5 {½-½ (66) Grigoryan,K (2571)-Ni,H (2670) chess.com INT 2018}) 9. a4 {[%emt 0:00:03]} Bg4 {[%emt 0:02:05]} 10. h3 {[%emt 0:01:34]} Be6 {[%emt 0:00:02]} 11. b3 {[%emt 0:08:27]} h6 {[%emt 0:01:24]} 12. Ne1 $146 {[%emt 0:04:48]} ({Predecessor:} 12. Kh2 a6 13. Ba3 Nd7 14. Ncxe5 Ndxe5 15. Nxe5 Bxe5 16. Bxc5 {0-1 (27) Soncini,S-Vieites,C ICCF email 2017}) 12... Qd7 {[%emt 0:03:54]} 13. Kh2 {[%emt 0:03:40]} g5 {[%emt 0:00:55]} 14. Bd2 {[%emt 0:01:49]} Ng8 {[%emt 0:12:03]} 15. Qc1 {[%emt 0:10:54]} Nge7 {[%emt 0:00:29]} 16. a5 {[%emt 0:00:30]} Ng6 {[%emt 0:01:30]} 17. Qa3 {[%emt 0:15:53]} Qe7 {[%emt 0:00:23]} 18. Rb1 {[%emt 0:08:51]} O-O {[%emt 0:07:33]} 19. b4 {[%emt 0:06:35]} b5 {[%emt 0:01:55]} 20. axb6 {[%emt 0:01:57]} axb6 {[%emt 0:00:45]} 21. Qb2 {[%emt 0:00:10]} b5 {[%emt 0:03:06]} 22. Nxe5 {[%emt 0:10:13]} Ncxe5 {[%emt 0:13:15]} 23. f4 {[%emt 0:00:39]} gxf4 {[%emt 0:17:21]} 24. gxf4 {[%emt 0:00:07]} Ra2 {[%emt 0:00:18]} 25. Qc1 {[%emt 0:00:12]} Nd7 {[%emt 0:00:19]} 26. Kh1 {[%emt 0:02:26]} f5 {[%emt 0:02:42]} 27. bxc5 {[%emt 0:00:26]} Qh4 {[%emt 0:01:13]} 28. Nf3 {[%emt 0:01:19]} Qf6 {[%emt 0:01:54]} 29. e5 {[%emt 0:00:16]} Qf7 {[%emt 0:01:09]} 30. Nxd4 {[%emt 0:04:08]} Bd5 {[%emt 0:00:16]} 31. Nf3 {[%emt 0:02:35]} Kh7 {[%emt 0:03:50]} 32. Rxb5 {[%emt 0:04:12]} Ne7 {[%emt 0:01:17]} 33. Rb2 {[%emt 0:01:23]} Rxb2 {[%emt 0:00:53]} 34. Qxb2 {[%emt 0:00:01]} Rg8 {[%emt 0:00:08]} 35. c4 {[%emt 0:03:20]} Bc6 {[%emt 0:00:45]} 36. Be3 {[%emt 0:02:35]} Ra8 {[%emt 0:06:48]} 37. Qe2 {[%emt 0:02:33]} Ra4 {[%emt 0:00:53]} 38. Rc1 {[%emt 0:03:59]} Ra5 {[%emt 0:01:34]} 39. Bd2 {[%emt 0:01:34]} Ra2 {[%emt 0:00:34]} 40. e6 {[%emt 0:00:00]} Qg7 {[%emt 0:00:00]} 41. exd7 Ng6 {[%emt 0:01:30]} 42. Re1 $11 {[%emt 0:30:41]} ({White has to play} 42. Ng5+ $1 $18 hxg5 43. Bxc6 Nxf4 44. Qe3) 42... Nxf4 {[%emt 0:20:03]} 43. Bxf4 {[%emt 0:00:13]} Rxe2 {[%emt 0:00:37]} 44. Rxe2 {[%emt 0:00:06]} Qxd7 {[%emt 0:01:47]} 45. Bxc7 {[%emt 0:00:38]} Qxc7 {[%emt 0:06:14]} 46. Rf2 {[%emt 0:00:56]} Qa5 {[%emt 0:01:52]} 47. d4 {[%emt 0:00:28]} Be4 {[%emt 0:00:20]} 48. Kh2 {[%emt 0:01:31]} Qc3 {[%emt 0:00:13]} 49. c6 {[%emt 0:00:42]} Qxc4 {[%emt 0:00:38]} 50. Nd2 {[%emt 0:00:27]} Qxd4 {[%emt 0:01:28]} 51. Nxe4 {[%emt 0:00:06]} fxe4 {[%emt 0:00:03]} 52. Re2 {[%emt 0:00:42]} e3 {[%emt 0:00:16]} 53. c7 {[%emt 0:00:40]} Qd6+ {[%emt 0:01:01]} 54. Kg1 {[%emt 0:00:07]} Qxc7 {[%emt 0:00:12]} 55. Rxe3 {[%emt 0:00:01]} Qc5 {[%emt 0:00:19]} 56. Kf2 {[%emt 0:00:03]} h5 {[%emt 0:00:18]} 57. Kf3 {[%emt 0:00:47]} Kh6 {[%emt 0:00:22]} 58. Re4 {[%emt 0:00:26]} Qc3+ {[%emt 0:00:24]} 59. Kf2 {[%emt 0:00:05]} Kg5 {[%emt 0:00:22]} 60. h4+ {[%emt 0:00:25]} Kf5 {[%emt 0:00:03]} 61. Kg1 {[%emt 0:00:31]} Qc1+ {[%emt 0:01:05]} 62. Kh2 {[%emt 0:00:20]} Qd1 {[%emt 0:00:12]} 63. Bh1 {[%emt 0:00:14]} Qd6+ {[%emt 0:00:19]} 64. Kg1 {[%emt 0:00:18]} Qg3+ {[%emt 0:00:06]} 65. Bg2 {[%emt 0:00:01]} Qxg2+ {[%emt 0:00:57]} 66. Kxg2 {[%emt 0:00:02]} Kxe4 {[%emt 0:00:01]} 67. Kg3 {[%emt 0:00:11]} Ke3 {[%emt 0:00:01]} 68. Kg2 {[%emt 0:00:06]} Kf4 {[%emt 0:00:01]} 69. Kh3 {[%emt 0:00:03]} Kf3 {[%emt 0:00:05]} 70. Kh2 {[%emt 0:00:04]} Kg4 {[%emt 0:00:03]} 71. Kg2 {[%emt 0:00:03]} Kxh4 {[%emt 0:00:04]} 72. Kh2 {[%emt 0:00:02]} Kg4 {[%emt 0:00:05]} 73. Kg2 {[%emt 0:00:03]} h4 {[%emt 0:00:06]} 74. Kh2 {[%emt 0:00:02]} Kf4 {[%emt 0:00:05]} 75. Kh3 {[%emt 0:00:03]} Kg5 {[%emt 0:00:02]} 76. Kh2 {[%emt 0:00:07]} Kg4 {[%emt 0:00:01]} 77. Kg2 {[%emt 0:00:04]} h3+ {[%emt 0:00:02]} 78. Kh2 {[%emt 0:00:06]} Kh4 {[%emt 0:00:01]} 79. Kh1 {[%emt 0:00:05]} Kg3 {[%emt 0:00:10]} 80. Kg1 {[%emt 0:00:03]} Kf3 {[%emt 0:00:06]} 81. Kh2 {[%emt 0:00:03]} Kg4 {[%emt 0:00:05]} 82. Kh1 {[%emt 0:00:02]} Kg3 {[%emt 0:00:06]} 83. Kg1 {[%emt 0:00:03]} h2+ {[%emt 0:00:04]} 84. Kh1 {[%emt 0:00:02]} Kh3 {[%emt 0:00:06]} 1/2-1/2

[Event "IIFL Wealth  4th Mumbai Junior U-13"]
[Site "Mumbai"]
[Date "2019.01.06"]
[Round "8"]
[White "Potawad Anirudhha"]
[Black "Arjun Kumar S"]
[Result "1-0"]
[WhiteElo "1849"]
[BlackElo "1428"]
[Annotator "NA"]
[PlyCount "91"]
[EventDate "2018.12.30"]
[EventType "swiss"]
[EventCountry "IND"]
[SourceTitle "playchess.com"]
[Source "ChessBase"]
[SourceQuality "1"]
[TimeControl "40/5400+30:1800+30"]

{[%evp 23,86,-22,-20,-27,-18,-23,32767,32767,32767,32767,32767,32767,32767,32767,32767,32767,32767,32767,32767,32767,32767,-6,-13,-12,0,32767,32767,35,35,0,0,-18,-16,-11,414,396,386,32767,32767,32767,32767,32767,32767,476,32767,525,501,561,551,585,587,515,673,882,930,810,871,1043,29984,947,2822,4674,2514,5908,1962]} 1. e4 {[%emt 0:00:00]} c5 {[%emt 0:03:11]} 2. Nf3 {[%emt 0:02:23]} e6 {[%emt 0:01:18]} 3. d4 {[%emt 0:00:11]} cxd4 {[%emt 0:00:34]} 4. Nxd4 {[%emt 0:00:10]} a6 {[%emt 0:00:11]} 5. Nc3 {[%emt 0:00:20]} Qc7 {[%emt 0:00:07]} 6. Bd3 {[%emt 0:00:18]} Nf6 {[%emt 0:00:28]} 7. O-O {[%emt 0:07:24]} b5 {[%emt 0:01:01]} 8. a3 {[%emt 0:01:23]} Bb7 {[%emt 0:02:04]} 9. Qe2 {[%emt 0:02:51]} Be7 {[%emt 0:00:26] B43: Sicilian: Kan Variation: 5 Nc3} (9... d6 10. f4 Nbd7 11. Bd2 Be7 12. Kh1 Nc5 13. b4 Nxd3 14. cxd3 O-O 15. Nb3 Rac8 16. Rac1 Qd7 17. Be3 Rfe8 18. Rc2 e5 19. fxe5 dxe5 20. Bc5 {0-1 (60) Movsesian,S (2653)-Laznicka,V (2666) Prague 2016}) 10. Kh1 {[%emt 0:04:49]} O-O {[%emt 0:08:44]} 11. f4 {[%emt 0:01:24]} d6 {[%emt 0:00:40]} 12. Be3 $146 {[%emt 0:03:40]} ({Predecessor:} 12. Rf3 Nbd7 13. Be3 Nc5 14. Bg1 d5 15. e5 Nfe4 16. Rh3 g6 17. Nd1 Qd7 18. Ne3 f5 19. Rf1 Na4 20. b3 Bxa3 {1-0 (20) Acosta Nunez,M (1784)-Ramirez Buitrago,D (2004) Bogota 2016}) 12... Nbd7 {[%emt 0:00:36] LiveBook: 10 Games} 13. Bg1 {[%emt 0:05:48]} Rac8 {[%emt 0:03:31]} 14. Nb3 {[%emt 0:10:06]} Nc5 {[%emt 0:00:40]} 15. Rac1 {[%emt 0:07:03]} Rfd8 {[%emt 0:03:47]} 16. Nxc5 {[%emt 0:14:22]} dxc5 {[%emt 0:04:10]} 17. e5 {[%emt 0:00:13]} Nd5 {[%emt 0:00:51]} 18. Nxd5 {[%emt 0:00:39]} Bxd5 {[%emt 0:00:40]} 19. c4 {[%emt 0:00:33]} bxc4 {[%emt 0:01:50]} 20. Bxc4 {[%emt 0:00:05]} Bxc4 {[%emt 0:00:11]} 21. Rxc4 {[%emt 0:02:03]} Qb7 {[%emt 0:00:08]} 22. f5 {[%emt 0:06:34]} exf5 {[%emt 0:00:23]} 23. Rxf5 {[%emt 0:00:21]} g6 {[%emt 0:00:20]} 24. Rf1 {[%emt 0:01:30]} Bf8 {[%emt 0:00:23]} 25. Rcf4 {[%emt 0:06:25]} Rc7 {[%emt 0:00:50]} 26. e6 {[%emt 0:06:18]} f5 {[%emt 0:00:30]} 27. Bf2 {[%emt 0:06:57]} Re8 {[%emt 0:00:17]} 28. Qc4 {[%emt 0:01:38]} Qb5 $2 {[%emt 0:01:18]} (28... Be7 $11) 29. e7+ $1 {[%emt 0:00:48]} Qxc4 {[%emt 0:00:05]} 30. exf8=Q+ {[%emt 0:00:09]} Kxf8 {[%emt 0:00:05]} 31. Rxc4 {[%emt 0:00:11]} Re2 {[%emt 0:00:02]} 32. Bxc5+ {[%emt 0:00:29]} Kf7 {[%emt 0:00:07]} 33. b4 {[%emt 0:00:38]} Rd7 {[%emt 0:00:03]} 34. g4 {[%emt 0:01:31]} Rdd2 {[%emt 0:00:08]} 35. Bg1 {[%emt 0:00:11]} Kf6 {[%emt 0:00:21]} 36. gxf5 {[%emt 0:00:11]} gxf5 {[%emt 0:00:00]} 37. Rc6+ {[%emt 0:00:11]} Kg5 {[%emt 0:00:00]} 38. Rxa6 {[%emt 0:01:33]} f4 {[%emt 0:00:00]} 39. Ra8 {[%emt 0:01:24]} Kg4 {[%emt 0:00:04]} 40. Rg8+ {[%emt 0:00:00]} Kh3 {[%emt 0:00:00]} 41. Rf3+ {[%emt 0:00:18]} Kh4 {[%emt 0:00:19]} 42. Rxf4+ {[%emt 0:00:07]} Kh5 {[%emt 0:00:07]} 43. Rf7 {[%emt 0:01:30]} h6 $18 {[%emt 0:00:10]} 44. b5 {[%emt 0:00:32]} Ra2 {[%emt 0:00:01]} 45. b6 {[%emt 0:00:26]} Reb2 {[%emt 0:00:22]} 46. b7 {[%emt 0:00:15]} 1-0

[Event "IIFL Wealth  4th Mumbai Junior U-13"]
[Site "Mumbai"]
[Date "2019.01.06"]
[Round "8"]
[White "Manish Kumar (2006)"]
[Black "Ayush Sharma"]
[Result "1-0"]
[WhiteElo "1848"]
[BlackElo "1979"]
[Annotator "NA"]
[PlyCount "105"]
[EventDate "2018.12.30"]
[EventType "swiss"]
[EventCountry "IND"]
[SourceTitle "playchess.com"]
[Source "ChessBase"]
[SourceQuality "1"]
[TimeControl "40/5400+30:1800+30"]

1. f4 {[%emt 0:00:56]} Nf6 {[%emt 0:00:13]} 2. Nf3 {[%emt 0:00:06]} e6 {[%emt 0:00:06]} 3. e3 {[%emt 0:00:07]} b6 {[%emt 0:00:05]} 4. b3 {[%emt 0:00:08]} Bb7 {[%emt 0:00:05]} 5. Bb2 {[%emt 0:00:04]} Be7 {[%emt 0:00:05]} 6. Bd3 {[%emt 0:00:59] A02: Bird's Opening} (6. Rg1 d6 7. g4 h6 8. Nc3 Nbd7 9. Qe2 a5 10. O-O-O Nc5 11. g5 hxg5 12. fxg5 Nh5 13. g6 f5 {0-1 (52) Wei,Y (2748)-Priasmoro,N (2411) Ashkhabad 2017}) 6... Na6 {[%emt 0:01:06]} 7. O-O {[%emt 0:00:07]} O-O {[%emt 0:00:06]} 8. Nc3 {[%emt 0:01:52]} Nc5 {[%emt 0:02:45]} 9. Be2 {[%emt 0:02:10]} d5 {[%emt 0:06:50]} 10. Qe1 $146 {[%emt 0:02:21]} ({Predecessor:} 10. d4 Nce4 11. Nd2 c5 12. Ncxe4 dxe4 13. Nc4 Nd5 {1-0 (45) Phipps,J-Lee,M London,Canada 1996}) 10... a5 {[%emt 0:11:24]} 11. a4 {[%emt 0:04:48]} Nfe4 {[%emt 0:02:47]} 12. d3 {[%emt 0:05:45]} Nd6 {[%emt 0:02:42]} 13. Qf2 {[%emt 0:06:48]} Bf6 {[%emt 0:02:01]} 14. Ne5 {[%emt 0:03:16]} Nf5 {[%emt 0:01:25]} 15. d4 {[%emt 0:06:59]} Ne4 {[%emt 0:00:31]} 16. Nxe4 {[%emt 0:00:02]} dxe4 {[%emt 0:00:09]} 17. Bb5 {[%emt 0:08:25]} Ba6 {[%emt 0:13:54]} 18. Ba3 {[%emt 0:11:36]} Nd6 {[%emt 0:01:05]} 19. c4 {[%emt 0:00:22]} Qc8 {[%emt 0:08:04]} (19... Bb7 $16) 20. Bd7 {[%emt 0:01:40]} Qd8 {[%emt 0:02:52]} 21. Bc6 {[%emt 0:00:24]} Rc8 {[%emt 0:02:34]} 22. Nd7 {[%emt 0:00:16]} Re8 {[%emt 0:00:07]} 23. Nxf6+ {[%emt 0:00:23]} Qxf6 {[%emt 0:00:10]} 24. Bxe8 {[%emt 0:00:04]} Rxe8 {[%emt 0:00:05]} 25. Rfc1 {[%emt 0:00:56]} (25. Qc2 $18) 25... Nf5 {[%emt 0:02:31]} 26. b4 {[%emt 0:02:09]} axb4 {[%emt 0:00:11]} (26... h5 $142 27. bxa5 bxa5) 27. Bxb4 {[%emt 0:00:02]} c5 {[%emt 0:02:01]} 28. Bc3 {[%emt 0:03:45]} cxd4 {[%emt 0:00:40]} 29. Bxd4 {[%emt 0:00:04]} Nxd4 {[%emt 0:00:07]} 30. exd4 {[%emt 0:00:07]} Rd8 {[%emt 0:00:48]} (30... Rc8 $142 31. a5 bxa5 32. Rxa5 Bb7) 31. Rab1 {[%emt 0:00:31]} Rxd4 {[%emt 0:01:01]} 32. Rxb6 {[%emt 0:00:15]} Bc8 {[%emt 0:01:22]} 33. Rb8 {[%emt 0:00:27]} Rd8 {[%emt 0:00:32]} 34. c5 {[%emt 0:01:04]} e5 {[%emt 0:00:28]} 35. c6 {[%emt 0:16:06]} exf4 {[%emt 0:00:50]} 36. c7 {[%emt 0:00:01]} Rf8 {[%emt 0:00:07]} 37. Qc5 $18 {[%emt 0:01:31]} Qe6 {[%emt 0:02:02]} 38. Rd1 {[%emt 0:01:14]} e3 {[%emt 0:00:34]} 39. Rd8 {[%emt 0:00:27]} h6 {[%emt 0:01:06]} 40. Rxf8+ {[%emt 0:00:00]} Kh7 {[%emt 0:00:00]} 41. Qc2+ {[%emt 0:02:01]} f5 {[%emt 0:00:23]} 42. Qxf5+ {[%emt 0:00:22]} Qxf5 {[%emt 0:00:05]} 43. Rxf5 {[%emt 0:00:04]} Bxf5 {[%emt 0:00:06]} 44. c8=Q {[%emt 0:00:08]} Bxc8 {[%emt 0:00:04]} 45. Rxc8 {[%emt 0:00:04]} g5 {[%emt 0:01:11]} 46. a5 {[%emt 0:00:04]} Kg6 {[%emt 0:00:05]} 47. a6 {[%emt 0:00:06]} Kh5 {[%emt 0:00:15]} 48. a7 {[%emt 0:00:04]} Kh4 {[%emt 0:00:43]} 49. a8=Q {[%emt 0:00:06]} e2 {[%emt 0:00:10]} 50. Kf2 {[%emt 0:00:07]} e1=Q+ {[%emt 0:00:05]} 51. Kxe1 {[%emt 0:00:03]} f3 {[%emt 0:00:09]} 52. Qxf3 {[%emt 0:00:03]} g4 {[%emt 0:00:03]} 53. Qf6+ {[%emt 0:00:05]} 1-0

[Event "IIFL Wealth  4th Mumbai Junior U-13"]
[Site "Mumbai"]
[Date "2019.01.06"]
[Round "8"]
[White "Larmet, Nino"]
[Black "Tikam Aradhya"]
[Result "1-0"]
[WhiteElo "1835"]
[BlackElo "1332"]
[Annotator "NA RC"]
[PlyCount "119"]
[EventDate "2018.12.30"]
[EventType "swiss"]
[EventCountry "IND"]
[SourceTitle "playchess.com"]
[Source "ChessBase"]
[SourceQuality "1"]
[TimeControl "40/5400+30:1800+30"]

1. e4 {[%emt 0:00:00]} e5 {[%emt 0:00:00]} 2. Nf3 {[%emt 0:00:06]} Nc6 {[%emt 0:00:00]} 3. Bb5 {[%emt 0:00:09]} Nf6 {[%emt 0:00:05]} 4. d3 {[%emt 0:00:07]} d6 {[%emt 0:00:07]} 5. c3 {[%emt 0:00:35]} Be7 {[%emt 0:00:43]} 6. O-O {[%emt 0:00:15]} a6 {[%emt 0:01:11]} 7. Ba4 {[%emt 0:00:15]} O-O {[%emt 0:02:59]} 8. Re1 {[%emt 0:00:59]} Bg4 {[%emt 0:11:48]} 9. Nbd2 {[%emt 0:01:20]} Nd7 {[%emt 0:02:06]} 10. Nf1 {[%emt 0:02:01] C87: Closed Ruy Lopez: Steinitz-type lines after 6 Re1 d6} (10. h3 Bh5 11. Bc2 Nb6 12. Nf1 d5 13. Ng3 Bg6 14. Qe2 Re8 15. Be3 Qd6 16. Bxb6 cxb6 17. h4 h6 18. Bb3 d4 19. cxd4 Nxd4 20. Nxd4 Qxd4 {1-0 (45) So,W (2786)-Onischuk,A (2672) Saint Louis 2018}) 10... b5 {[%emt 0:03:39]} 11. Bc2 {[%emt 0:00:14]} f5 {[%emt 0:05:22]} 12. Bb3+ {[%emt 0:12:22]} Kh8 {[%emt 0:00:21]} 13. Bd5 {[%emt 0:00:59]} Ndb8 {[%emt 0:00:58]} 14. Ne3 $146 {[%emt 0:21:24]} ({Predecessor:} 14. h3 Bxf3 15. Qxf3 f4 16. Rd1 Ra7 17. d4 Bg5 18. a4 {1-0 (51) Ochsner,J-Semjonovs,V (1473) Prague 2012}) 14... Bxf3 {[%emt 0:04:05]} 15. Qxf3 {[%emt 0:00:28]} fxe4 {[%emt 0:00:52]} 16. Qd1 {[%emt 0:02:56]} (16. Qh3 $18) 16... exd3 {[%emt 0:05:02]} 17. Qxd3 {[%emt 0:00:10]} b4 {[%emt 0:04:51]} 18. Nf5 {[%emt 0:12:07]} a5 {[%emt 0:05:41]} (18... bxc3 $142 19. Nxe7 (19. bxc3 Bh4 $16) 19... Qxe7) 19. Qe4 {[%emt 0:11:27]} (19. Re3 $18 {and White stays clearly on top.} g6 20. Nh6) 19... Ra6 {[%emt 0:01:31]} 20. Bc4 {[%emt 0:01:05]} Ra8 $2 {[%emt 0:03:26] [#]} (20... d5 $16 21. Bxd5 Rxf5) 21. Rd1 $2 {[%emt 0:08:05]} ({Not} 21. Qg4 Bf6 $11) (21. Nxg7 $1 $18 {[%mdl 512] is the precise move to win.} d5 (21... Kxg7 22. Bd3) 22. Bxd5 Kxg7 23. Bxc6 Nxc6 24. Qxc6) 21... Qe8 $2 {[%emt 0:00:49]} (21... Bg5 $16 {is a better defense.}) 22. Bb5 {[%emt 0:03:35]} Bf6 {[%emt 0:02:42]} (22... Qg6 $16 {is a better defense.} 23. g4 Bf6) 23. cxb4 $2 {[%emt 0:01:11]} (23. Ng3 $18) 23... axb4 {[%emt 0:01:13]} 24. Bd2 {[%emt 0:01:03]} Ra5 {[%emt 0:07:50]} (24... Qg6 $1 $11 {remains equal.}) 25. a4 {[%emt 0:00:12]} Qe6 {[%emt 0:00:54]} 26. Bxc6 {[%emt 0:01:19]} (26. Ne3 $16 Nd4 27. Bxb4 Rxb5 28. axb5) 26... Nxc6 {[%emt 0:00:08]} 27. Nxg7 {[%emt 0:01:09]} (27. Qxc6 $14 Qxf5 28. Qxc7) 27... Bxg7 {[%emt 0:01:15]} 28. Qxc6 {[%emt 0:00:11]} Rc5 {[%emt 0:01:15]} 29. Qe4 {[%emt 0:00:33]} Rc4 {[%emt 0:04:10]} 30. Qe2 {[%emt 0:01:22]} d5 {[%emt 0:03:12]} 31. Re1 {[%emt 0:01:39]} Qf5 {[%emt 0:03:50]} 32. Rac1 {[%emt 0:00:56]} Re4 {[%emt 0:06:25]} 33. Qf1 {[%emt 0:00:10]} Rf7 {[%emt 0:00:59]} ({Black should try} 33... Rd4 $14 34. Be3 e4) 34. Rxe4 {[%emt 0:01:11]} Qxe4 {[%emt 0:00:27]} 35. Qe1 {[%emt 0:00:07]} ({White should try} 35. a5 $16) 35... Qxe1+ $1 {[%emt 0:01:34]} 36. Bxe1 {[%emt 0:01:49]} Bf8 {[%emt 0:00:23]} 37. Kf1 {[%emt 0:01:04]} c5 {[%emt 0:00:42]} 38. b3 {[%emt 0:00:57]} Ra7 {[%emt 0:01:37]} 39. Ke2 {[%emt 0:01:01]} Kg7 {[%emt 0:00:26]} 40. Kd3 {[%emt 0:00:00]} Kf6 {[%emt 0:00:00]} 41. f3 {[%emt 0:03:22]} Ke6 {[%emt 0:03:03]} 42. Bf2 {[%emt 0:00:01]} (42. h4 $11 {keeps the balance.}) 42... Ra5 {[%emt 0:00:53]} 43. Re1 {[%emt 0:00:55]} Kf6 {[%emt 0:00:58]} (43... Bd6 $15) 44. Bh4+ {[%emt 0:01:04]} Ke6 {[%emt 0:00:59]} 45. Bg3 {[%emt 0:00:19]} Bg7 {[%emt 0:01:46] [#]} (45... c4+ $11 46. bxc4 Bd6) 46. Bxe5 $1 {[%emt 0:15:57]} Bxe5 {[%emt 0:01:42]} 47. f4 {[%emt 0:00:06]} Ra7 {[%emt 0:01:25]} 48. Rxe5+ {[%emt 0:00:24]} Kd6 {[%emt 0:00:06]} 49. Rh5 {[%emt 0:00:42]} Rf7 {[%emt 0:01:01]} 50. Rh6+ {[%emt 0:00:33]} Kc7 {[%emt 0:00:02]} 51. g3 {[%emt 0:00:03]} Kb7 {[%emt 0:00:42]} 52. Rd6 {[%emt 0:01:41]} Rf5 {[%emt 0:01:10]} 53. Rd7+ {[%emt 0:00:24]} Kc6 {[%emt 0:00:02]} 54. Rxh7 {[%emt 0:00:02]} Rf6 {[%emt 0:00:15]} 55. Rh5 {[%emt 0:01:50]} Re6 {[%emt 0:00:21]} 56. Re5 {[%emt 0:00:16]} Rh6 $18 {[%emt 0:00:06]} 57. h4 {[%emt 0:00:14]} Rg6 {[%emt 0:00:07]} 58. Rg5 {[%emt 0:00:03]} Re6 {[%emt 0:00:02]} 59. h5 {[%emt 0:00:17]} Kd6 {[%emt 0:00:09]} 60. Rg6 {[%emt 0:00:09]} 1-0

[Event "IIFL Wealth  4th Mumbai Junior U-13"]
[Site "Mumbai"]
[Date "2019.01.06"]
[Round "8"]
[White "Krishnan Ritvik"]
[Black "Sohanganesh Uddhav Nikam"]
[Result "0-1"]
[WhiteElo "1812"]
[BlackElo "1299"]
[Annotator "NA"]
[PlyCount "36"]
[EventDate "2018.12.30"]
[EventType "swiss"]
[EventCountry "IND"]
[SourceTitle "playchess.com"]
[Source "ChessBase"]
[SourceQuality "1"]
[TimeControl "40/5400+30:1800+30"]

1. e4 e5 2. Bc4 Nf6 3. d3 Bc5 4. Nf3 d6 5. c3 Nc6 6. Bb3 a6 7. h3 Ba7 8. Nbd2 Be6 9. Bc2 h6 10. Nf1 d5 11. Qe2 dxe4 12. dxe4 Qe7 13. Bd2 Rd8 14. g4 {[%emt 0:05:58]} g5 {[%emt 0:19:05]} 15. Ne3 $11 {[%emt 0:03:52]} Qc5 {[%emt 0:04:01]} 16. Nf5 {[%emt 0:03:54]} Bc4 {[%emt 0:00:57]} 17. Qe3 Qb5 18. N3d4 exd4 0-1

[Event "IIFL Wealth  4th Mumbai Junior U-13"]
[Site "Mumbai"]
[Date "2019.01.06"]
[Round "8"]
[White "Bagwe Gaurang"]
[Black "Laddha, Shubh Jayesh"]
[Result "1/2-1/2"]
[WhiteElo "1768"]
[BlackElo "1567"]
[Annotator "NA"]
[PlyCount "105"]
[EventDate "2018.12.30"]
[EventType "swiss"]
[EventCountry "IND"]
[SourceTitle "playchess.com"]
[Source "ChessBase"]
[SourceQuality "1"]
[TimeControl "40/5400+30:1800+30"]

1. e4 {[%emt 0:00:00]} c5 {[%emt 0:00:00]} 2. c3 {[%emt 0:00:00]} d5 {[%emt 0:00:00]} 3. exd5 {[%emt 0:00:00]} Nf6 {[%emt 0:00:00]} 4. d4 {[%emt 0:00:47]} Nxd5 {[%emt 0:00:00]} 5. Nf3 {[%emt 0:00:22]} e6 {[%emt 0:00:00]} 6. Bd3 {[%emt 0:08:34]} cxd4 {[%emt 0:00:00]} 7. cxd4 {[%emt 0:00:02]} Bb4+ {[%emt 0:00:05]} 8. Bd2 {[%emt 0:00:19]} Bxd2+ {[%emt 0:00:06]} 9. Qxd2 {[%emt 0:00:02]} O-O {[%emt 0:00:12]} 10. O-O {[%emt 0:02:10]} Nc6 {[%emt 0:00:07]} 11. Nc3 {[%emt 0:00:35]} Nce7 {[%emt 0:01:54]} 12. Rad1 {[%emt 0:01:27]} b6 {[%emt 0:05:54]} 13. Bb1 {[%emt 0:05:15]} Bb7 {[%emt 0:08:44]} 14. Ne4 {[%emt 0:22:19]} Nf5 {[%emt 0:26:19]} 15. Ng3 {[%emt 0:08:39]} Nxg3 {[%emt 0:04:49]} 16. hxg3 {[%emt 0:00:05]} Nf6 {[%emt 0:02:26]} 17. Ne5 {[%emt 0:07:18]} Be4 {[%emt 0:05:16]} 18. Bxe4 {[%emt 0:13:08]} Nxe4 {[%emt 0:00:07]} 19. Qf4 {[%emt 0:05:15]} Nf6 {[%emt 0:01:34]} 20. g4 {[%emt 0:01:53]} Nd5 {[%emt 0:00:59]} 21. Qg3 {[%emt 0:02:38]} Qd6 {[%emt 0:04:15]} 22. Qh4 {[%emt 0:02:24]} Rac8 {[%emt 0:07:47]} 23. Rd2 {[%emt 0:07:16]} h6 {[%emt 0:13:23]} 24. Nf3 {[%emt 0:01:22]} Qf4 {[%emt 0:03:51]} 25. Qh2 {[%emt 0:01:53]} Qxh2+ {[%emt 0:00:37]} 26. Kxh2 {[%emt 0:00:55]} Rc7 {[%emt 0:00:45]} 27. g5 {[%emt 0:00:56]} hxg5 {[%emt 0:01:34]} 28. Nxg5 {[%emt 0:00:01]} Rfc8 {[%emt 0:00:20]} 29. a3 {[%emt 0:01:27]} Rc2 {[%emt 0:01:14]} 30. Rfd1 {[%emt 0:00:21]} Kf8 {[%emt 0:01:26]} 31. Kg3 {[%emt 0:01:02]} Ke7 {[%emt 0:00:44]} 32. Kf3 {[%emt 0:01:12]} f6 {[%emt 0:03:31]} 33. Ne4 {[%emt 0:00:17]} f5 {[%emt 0:01:18]} 34. Nc3 {[%emt 0:01:42]} Rxd2 {[%emt 0:00:28]} 35. Nxd5+ {[%emt 0:00:23]} Kd6 {[%emt 0:01:00]} 36. Rxd2 {[%emt 0:00:06]} Kxd5 {[%emt 0:00:12]} 37. Ke3 {[%emt 0:02:04]} g5 {[%emt 0:01:02]} 38. g3 {[%emt 0:01:52]} Rc4 {[%emt 0:00:55]} 39. Rd3 {[%emt 0:00:42]} b5 {[%emt 0:00:59]} 40. Rd2 {[%emt 0:00:00]} a5 {[%emt 0:00:00]} 41. f3 {[%emt 0:06:36]} Ra4 {[%emt 0:13:29]} 42. Rd1 {[%emt 0:11:26]} Rc4 {[%emt 0:07:23]} 43. Rd2 {[%emt 0:00:31]} Rc1 {[%emt 0:03:54]} 44. Re2 {[%emt 0:05:22]} Rd1 {[%emt 0:02:30]} 45. Rc2 {[%emt 0:00:44]} Rxd4 {[%emt 0:00:58]} 46. Rc8 {[%emt 0:00:06]} f4+ {[%emt 0:01:07]} 47. gxf4 {[%emt 0:00:14]} gxf4+ {[%emt 0:00:08]} 48. Ke2 {[%emt 0:00:06]} Ke5 {[%emt 0:01:27]} 49. b3 {[%emt 0:00:58]} Kd5 {[%emt 0:02:50]} 50. Rd8+ {[%emt 0:01:55]} Ke5 {[%emt 0:00:17]} 51. Rh8 {[%emt 0:00:22]} Kd5 {[%emt 0:00:20]} 52. Rd8+ {[%emt 0:00:34]} Ke5 {[%emt 0:00:57]} 53. Rh8 {[%emt 0:00:21]} 1/2-1/2